000 00457nam a2200169Ia 4500
999 _c1122
_d1122
003 OSt
005 20210121113803.0
008 190216s9999||||xx |||||||||||||| ||und||
040 _coclc
082 _a635
_bCHO/V
100 _aChoudhary, B
_93834
245 0 _aVegetables /
_cB Choudhary
260 _bNational Book Trust India,
_c1967.
_aNew Delhi:
300 _a198p
650 _aBotany
942 _cBK
_2ddc
_h635
_iCHO/V
_k635
_mCHO/V